[Event "Charlotte op"]
[Site "Charlotte"]
[Date "2023.01.15"]
[Round "4"]
[White "Kavutskiy, Konstantin"]
[Black "Bregadze, Levan"]
[Result "1/2-1/2"]
[WhiteElo "2393"]
[BlackElo "2434"]
[PlyCount "40"]
[EventDate "2023.01.14"]
[EventType "swiss"]
[EventRounds "6"]
[EventCountry "USA"]
[SourceTitle "CBM 212 Extra"]
[Source "ChessBase"]
[SourceDate "2023.03.31"]
[SourceVersion "1"]
[SourceVersionDate "2023.03.31"]
[SourceQuality "1"]

1. d4 Nf6 2. Bg5 e6 3. Nd2 c5 4. e3 cxd4 5. exd4 Be7 6. Ngf3 b6 7. Bd3 Bb7 8. Qe2 Nd5 9. Bxe7 Qxe7 10. g3 Nb4 11. c3 Nxd3+ 12. Qxd3 Ba6 13. Qe4 Nc6 14. 0-0-0 d5 15. Qe3 0-0 16. Kb1 Rfb8 17. h4 b5 18. h5 b4 19. Rc1 Qf6 20. g4 Rb6 1/2-1/2

[Event "World Corporate Final"]
[Site "Chess.com INT"]
[Date "2021.02.21"]
[Round "1"]
[White "Bregadze, Levan"]
[Black "Ali, Muhammad Lutfi"]
[Result "1-0"]
[WhiteElo "2454"]
[BlackElo "2399"]
[PlyCount "107"]
[EventDate "2021.02.21"]
[EventType "team-k.o. (rapid)"]
[EventRounds "5"]
[EventCountry "USA"]
[SourceTitle "CBM 200 Extra"]
[Source "ChessBase"]
[SourceDate "2021.03.31"]
[SourceVersion "1"]
[SourceVersionDate "2021.03.31"]
[SourceQuality "1"]
[WhiteTeam "Morgan Stanley"]
[BlackTeam "PT Pelabuhan Tanjung Priok"]
[WhiteTeamCountry "HUN"]
[BlackTeamCountry "INA"]

1. e4 c5 2. Nf3 g6 3. d4 cxd4 4. Qxd4 Nf6 5. Nc3 Nc6 6. Qa4 d6 7. e5 dxe5 8. Nxe5 Bd7 9. Nxd7 Qxd7 10. Be2 Bg7 11. Be3 0-0 12. 0-0 a6 13. Bb6 Nd5 14. Nxd5 Qxd5 15. Rad1 Qe5 16. Bf3 Qxb2 17. Rb1 Qf6 18. Rfd1 Rfc8 19. h3 Rab8 20. Be4 Bh6 21. Rb3 Bf4 22. g3 Bd6 23. Rf3 Qg7 24. Re3 Ne5 25. Bd5 Nc6 26. Kg2 h5 27. Bb3 Ne5 28. Bd4 g5 29. Rde1 b5 30. Qxa6 Qf6 31. Bd5 Bc7 32. Bb7 Qxa6 33. Bxa6 Nc6 34. Bxc8 Nxd4 35. Re4 Nxc2 36. Rc1 Rxc8 37. Rxc2 Kf8 38. Re5 Bxe5 39. Rxc8+ Kg7 40. Rc5 Kf6 41. Rxb5 Bd4 42. a4 e5 43. a5 Kf5 44. a6 g4 45. hxg4+ hxg4 46. Rb4 Bc5 47. Rb7 f6 48. a7 Bxa7 49. Rxa7 Ke4 50. Ra4+ Kf5 51. f3 gxf3+ 52. Kxf3 Ke6 53. g4 Kd5 54. Ra5+ 1-0

[Event "World Corporate East C"]
[Site "Chess.com INT"]
[Date "2021.02.20"]
[Round "6.1"]
[White "Giri, Anish"]
[Black "Bregadze, Levan"]
[Result "1-0"]
[WhiteElo "2764"]
[BlackElo "2454"]
[PlyCount "59"]
[EventDate "2021.02.19"]
[EventType "team (rapid)"]
[EventRounds "7"]
[EventCountry "USA"]
[SourceTitle "EXT 2022"]
[Source "ChessBase"]
[SourceDate "2021.10.06"]
[SourceVersion "1"]
[SourceVersionDate "2021.10.06"]
[SourceQuality "1"]
[WhiteTeam "Optiver"]
[BlackTeam "Morgan Stanley"]
[WhiteTeamCountry "NED"]
[BlackTeamCountry "HUN"]

1. e4 g6 2. d4 Bg7 3. Nf3 d6 4. Be3 c6 5. c4 a6 6. Be2 Nf6 7. Nc3 0-0 8. 0-0 b5 9. a3 bxc4 10. Bxc4 d5 11. Bd3 dxe4 12. Nxe4 Nbd7 13. Rc1 Nb6 14. Nxf6+ Bxf6 15. Be4 Nd5 16. Bh6 Re8 17. Ne5 Bxe5 18. dxe5 Be6 19. Rxc6 Qd7 20. Rxe6 fxe6 21. Qg4 Kh8 22. Rd1 Qa4 23. Rd3 Rad8 24. h3 Qa5 25. Rf3 Nc7 26. Rf7 Rg8 27. Qh4 Rd1+ 28. Kh2 Qxe5+ 29. Bf4 Qh5 30. Qxh5 1-0

[Event "Charlotte CCCSA Holiday IM"]
[Site "Charlotte"]
[Date "2019.12.28"]
[Round "5"]
[White "Gauri, Shankar"]
[Black "Bregadze, Levan"]
[Result "1-0"]
[WhiteElo "2341"]
[BlackElo "2458"]
[PlyCount "89"]
[EventDate "2019.12.26"]
[EventType "tourn"]
[EventRounds "9"]
[EventCountry "USA"]
[EventCategory "3"]
[SourceTitle "CBM 194 Extra"]
[Source "ChessBase"]
[SourceDate "2020.03.31"]
[SourceVersion "1"]
[SourceVersionDate "2020.03.31"]
[SourceQuality "1"]

1. Nf3 Nf6 2. g3 g6 3. Bg2 Bg7 4. 0-0 0-0 5. d4 d6 6. b3 e5 7. dxe5 Nfd7 8. Bb2 Nc6 9. Qc1 Ndxe5 10. Nxe5 dxe5 11. Rd1 Nd4 12. Nc3 Qf6 13. Qd2 Bg4 14. h3 Be6 15. Ne4 Qe7 16. e3 Nc6 17. Qc3 Rad8 18. Nc5 Bc8 19. Nxb7 Bxb7 20. Bxc6 Bc8 21. Bg2 h5 22. Qa5 h4 23. Ba3 Qg5 24. Bxf8 Rxf8 25. gxh4 Qxh4 26. Qxc7 Bf5 27. e4 Bxh3 28. Bxh3 Qxh3 29. Qd7 Qf3 30. Qd3 Qg4+ 31. Qg3 Qxe4 32. c4 Bh6 33. Re1 Qc2 34. Qxe5 Bg7 35. Rac1 Qxa2 36. Qe3 Qb2 37. Re2 Qa3 38. Rd1 Bf6 39. Kg2 Rb8 40. Rd7 Kg7 41. Qxa7 Qxa7 42. Rxa7 Rxb3 43. Rc2 Rb6 44. Rc7 Be5 45. Rc8 1-0

[Event "Queen City IM"]
[Site "Manchester"]
[Date "2017.03.26"]
[Round "8"]
[White "Ivanov, Alexander"]
[Black "Bregadze, Levan"]
[Result "0-1"]
[WhiteElo "2480"]
[BlackElo "2453"]
[PlyCount "92"]
[EventDate "2017.03.23"]
[EventType "tourn"]
[EventRounds "10"]
[EventCountry "USA"]
[EventCategory "6"]
[SourceTitle "CBM 177 Extra"]
[Source "ChessBase"]
[SourceDate "2017.04.27"]
[SourceVersion "1"]
[SourceVersionDate "2017.04.27"]
[SourceQuality "1"]

1. e4 c5 2. Nf3 Nc6 3. Bb5 d6 4. 0-0 Bg4 5. h3 Bh5 6. c3 a6 7. Bxc6+ bxc6 8. d4 cxd4 9. cxd4 e6 10. Qa4 Qd7 11. Nfd2 d5 12. Nc3 Bd6 13. e5 Bc7 14. Nb3 Ne7 15. Nc5 Qc8 16. Bg5 Bd8 17. f3 0-0 18. Ne2 Bg6 19. Rac1 a5 20. Rc3 Qc7 21. Rfc1 Nc8 22. Bxd8 Rxd8 23. Qd1 Ne7 24. Qd2 Rdb8 25. Ra3 Qd8 26. Rcc3 Nc8 27. Na4 Na7 28. Rc5 Rb4 29. Nac3 Rab8 30. b3 Nb5 31. Ra4 h6 32. Rxc6 Qh4 33. Nxb5 R8xb5 34. Rxb4 axb4 35. Rc1 Qe7 36. Rc8+ Kh7 37. Ra8 Rb7 38. Ra4 Rc7 39. Qxb4 Qg5 40. f4 Qh5 41. Qe1 Qf5 42. Qf2 Qb1+ 43. Kh2 Qb2 44. f5 Bxf5 45. Qe3 Rc2 46. Nf4 g5 0-1

[Event "Queen City IM"]
[Site "Manchester"]
[Date "2017.03.25"]
[Round "6"]
[White "Gorti, Akshita"]
[Black "Bregadze, Levan"]
[Result "1-0"]
[WhiteElo "2215"]
[BlackElo "2453"]
[PlyCount "77"]
[EventDate "2017.03.23"]
[EventType "tourn"]
[EventRounds "10"]
[EventCountry "USA"]
[EventCategory "6"]
[SourceTitle "CBM 177 Extra"]
[Source "ChessBase"]
[SourceDate "2017.04.27"]
[SourceVersion "1"]
[SourceVersionDate "2017.04.27"]
[SourceQuality "1"]

1. d4 g6 2. c4 f5 3. g3 Nf6 4. Bg2 Bg7 5. Nf3 0-0 6. 0-0 d6 7. Nc3 Na6 8. d5 Nc5 9. Nd4 a5 10. b3 Bd7 11. Rb1 Rc8 12. Bb2 c6 13. e3 Qe8 14. Qe2 Qf7 15. Rbd1 Nce4 16. dxc6 bxc6 17. Na4 Rb8 18. c5 Nd5 19. Rc1 Rfc8 20. Ba3 e5 21. Nf3 dxc5 22. Nd2 Nxd2 23. Qxd2 f4 24. Nxc5 Bg4 25. Rfe1 Rd8 26. Qc2 fxe3 27. fxe3 Bh6 28. Qe4 Bf5 29. Qf3 e4 30. Qf2 Bg4 31. Nxe4 Bxe3 32. Rxe3 Qxf2+ 33. Kxf2 Nxe3 34. Kxe3 Bf5 35. g4 Bd7 36. Nf6+ Kf7 37. Nxd7 Rxd7 38. Bxc6 Re8+ 39. Be4 1-0

[Event "Queen City IM"]
[Site "Manchester"]
[Date "2017.03.23"]
[Round "2"]
[White "Kumar, Nikhil"]
[Black "Bregadze, Levan"]
[Result "0-1"]
[WhiteElo "2444"]
[BlackElo "2453"]
[PlyCount "78"]
[EventDate "2017.03.23"]
[EventType "tourn"]
[EventRounds "10"]
[EventCountry "USA"]
[EventCategory "6"]
[SourceTitle "CBM 177 Extra"]
[Source "ChessBase"]
[SourceDate "2017.04.27"]
[SourceVersion "1"]
[SourceVersionDate "2017.04.27"]
[SourceQuality "1"]

1. d4 Nf6 2. c4 e6 3. Nc3 Bb4 4. e3 0-0 5. Nge2 d5 6. a3 Be7 7. cxd5 exd5 8. Nf4 c6 9. Bd3 Nbd7 10. 0-0 Re8 11. f3 Nf8 12. b4 Bd6 13. Bd2 Ng6 14. Nfe2 a5 15. Rb1 axb4 16. axb4 b6 17. h3 Bb8 18. e4 dxe4 19. fxe4 c5 20. bxc5 bxc5 21. Bg5 cxd4 22. Nd5 Be5 23. Bb5 Bd7 24. Bxd7 Qxd7 25. Bxf6 gxf6 26. Nb6 Qa7 27. Nxa8 d3+ 28. Nb6 dxe2 29. Qxe2 Bd4+ 30. Kh1 Bxb6 31. Rxf6 Bd4 32. Ra6 Qe7 33. Ra4 Be5 34. Qa2 Qh4 35. Ra7 Re6 36. Ra3 Qf4 37. g3 Qxe4+ 38. Kh2 Rc6 39. Rb2 Bxb2 0-1

[Event "US Masters op"]
[Site "Greensboro"]
[Date "2016.08.27"]
[Round "4"]
[White "Bregadze, Levan"]
[Black "Mandizha, Farai"]
[Result "0-1"]
[WhiteElo "2465"]
[BlackElo "2375"]
[PlyCount "60"]
[EventDate "2016.08.25"]
[EventType "swiss"]
[EventRounds "9"]
[EventCountry "USA"]
[SourceTitle "CBM 174 Extra"]
[Source "ChessBase"]
[SourceDate "2016.10.10"]
[SourceVersion "1"]
[SourceVersionDate "2016.10.10"]
[SourceQuality "1"]

1. d4 Nf6 2. c4 g6 3. Nf3 Bg7 4. g3 0-0 5. Bg2 d6 6. 0-0 Nbd7 7. Nc3 e5 8. e4 exd4 9. Nxd4 a6 10. h3 Re8 11. Bf4 Ne5 12. b3 Rb8 13. Be3 c5 14. Nde2 b5 15. f4 Ned7 16. g4 b4 17. g5 bxc3 18. gxf6 Nxf6 19. Nxc3 Bb7 20. e5 Bxg2 21. Kxg2 dxe5 22. fxe5 Nd7 23. Rxf7 Nxe5 24. Rxg7+ Kxg7 25. Nd5 Qh4 26. Bxc5 Qe4+ 27. Kg3 Rf8 28. Bd4 Rf3+ 29. Kh2 Rbf8 30. Rc1 Rf2+ 0-1

[Event "Washington op 5th"]
[Site "Rockville"]
[Date "2016.08.14"]
[Round "4"]
[White "Bregadze, Levan"]
[Black "Sevian, Samuel"]
[Result "1/2-1/2"]
[WhiteElo "2465"]
[BlackElo "2600"]
[PlyCount "58"]
[EventDate "2016.08.13"]
[EventType "swiss"]
[EventRounds "9"]
[EventCountry "USA"]
[SourceTitle "CBM 173 Extra"]
[Source "ChessBase"]
[SourceDate "2016.08.29"]
[SourceVersion "1"]
[SourceVersionDate "2016.08.29"]
[SourceQuality "1"]

1. Nf3 d5 2. g3 c6 3. Bg2 Bg4 4. d4 Nf6 5. 0-0 e6 6. Nbd2 Be7 7. Re1 0-0 8. c3 Bh5 9. e4 a6 10. Qb3 Qc7 11. Ne5 Re8 12. c4 Bf8 13. h3 dxe4 14. Nxe4 Nxe4 15. Bxe4 Nd7 16. Bf4 Nxe5 17. Bxh7+ Kxh7 18. Rxe5 Qd7 19. Rxh5+ Kg8 20. Be3 g6 21. Rg5 Bh6 22. Rg4 Bg7 23. Rd1 b5 24. d5 bxc4 25. dxc6 Qxc6 26. Rxc4 Qb5 27. Rc7 Qxb3 28. axb3 Be5 29. Rc6 Reb8 1/2-1/2

[Event "Washington op 5th"]
[Site "Rockville"]
[Date "2016.08.14"]
[Round "3"]
[White "Checa, Nicolas D"]
[Black "Bregadze, Levan"]
[Result "1/2-1/2"]
[WhiteElo "2405"]
[BlackElo "2465"]
[PlyCount "95"]
[EventDate "2016.08.13"]
[EventType "swiss"]
[EventRounds "9"]
[EventCountry "USA"]
[SourceTitle "CBM 173 Extra"]
[Source "ChessBase"]
[SourceDate "2016.08.29"]
[SourceVersion "1"]
[SourceVersionDate "2016.08.29"]
[SourceQuality "1"]

1. Nf3 Nf6 2. c4 e6 3. d4 b6 4. g3 Bb7 5. Bg2 Bb4+ 6. Bd2 c5 7. Bxb4 cxb4 8. 0-0 a5 9. a3 Na6 10. axb4 Nxb4 11. Nc3 0-0 12. b3 Ne4 13. Nb5 d5 14. Nd2 Nxd2 15. Qxd2 Bc6 16. Na3 Rc8 17. Rfc1 Qe7 18. Nc2 dxc4 19. Nxb4 Bxg2 20. Kxg2 c3 21. Rxc3 Qxb4 22. Rac1 b5 23. Qd3 Rxc3 24. Qxc3 Qxc3 25. Rxc3 Ra8 26. Kf3 Kf8 27. Ke4 a4 28. bxa4 bxa4 29. Ra3 Ke7 30. Kd3 Kd6 31. Kc4 f5 32. h4 g6 33. f3 e5 34. e3 h6 35. dxe5+ Kxe5 36. Kb5 g5 37. hxg5 hxg5 38. Kc6 Kf6 39. Kb5 g4 40. f4 Ke6 41. Kc4 Kd6 42. e4 fxe4 43. Kd4 e3 44. Kxe3 Kd5 45. f5 Ke5 46. f6 Ra7 47. f7 Rxf7 48. Rxa4 1/2-1/2

[Event "Chicago op 25th"]
[Site "Chicago"]
[Date "2016.05.30"]
[Round "9"]
[White "Vazquez, Guillermo"]
[Black "Bregadze, Levan"]
[Result "1/2-1/2"]
[WhiteElo "2401"]
[BlackElo "2467"]
[PlyCount "38"]
[EventDate "2016.05.26"]
[EventType "swiss"]
[EventRounds "9"]
[EventCountry "USA"]
[SourceTitle "CBM 172 Extra"]
[Source "ChessBase"]
[SourceDate "2016.06.21"]
[SourceVersion "1"]
[SourceVersionDate "2016.06.21"]
[SourceQuality "1"]

1. e4 g6 2. d4 Bg7 3. Nf3 d6 4. Bc4 Nf6 5. Qe2 c6 6. Bb3 Bg4 7. Nbd2 d5 8. e5 Nfd7 9. h3 Bxf3 10. Nxf3 e6 11. 0-0 c5 12. c3 Nc6 13. Bg5 Qb6 14. dxc5 Qxc5 15. Bf4 0-0 16. Rac1 b5 17. Be3 Qe7 18. Bg5 Qc5 19. Be3 Qe7 1/2-1/2

[Event "Chicago op 25th"]
[Site "Chicago"]
[Date "2016.05.29"]
[Round "7"]
[White "Kleiman, Jake"]
[Black "Bregadze, Levan"]
[Result "1/2-1/2"]
[WhiteElo "2378"]
[BlackElo "2467"]
[PlyCount "100"]
[EventDate "2016.05.26"]
[EventType "swiss"]
[EventRounds "9"]
[EventCountry "USA"]
[SourceTitle "CBM 172 Extra"]
[Source "ChessBase"]
[SourceDate "2016.06.21"]
[SourceVersion "1"]
[SourceVersionDate "2016.06.21"]
[SourceQuality "1"]

1. e4 c5 2. c3 Nf6 3. e5 Nd5 4. Bc4 e6 5. Nf3 d6 6. d4 cxd4 7. cxd4 dxe5 8. dxe5 Bb4+ 9. Nbd2 Nb6 10. Qb3 Nc6 11. Bb5 Bd7 12. 0-0 Bxd2 13. Bxd2 Nd5 14. Bd3 h6 15. Qc4 Qb6 16. b4 Nce7 17. a4 a6 18. b5 axb5 19. axb5 Rxa1 20. Rxa1 0-0 21. h4 Rc8 22. Qe4 Ng6 23. h5 Nf8 24. Qg4 Kh8 25. Ra3 Qc5 26. Rb3 Ra8 27. g3 Ra3 28. Rxa3 Qxa3 29. Qc4 Kg8 30. Kg2 Qb2 31. Qa4 b6 32. Qg4 Kh8 33. Qc4 Kg8 34. Qg4 Kh8 35. Qa4 Kg8 36. Qc4 Qa1 37. Qg4 Kh8 38. Qc4 Kg8 39. Bb4 Qb2 40. Bd2 Qa1 41. g4 Qb2 42. Kg3 Qa3 43. Bc1 Qa1 44. Bd2 Qa3 45. Kg2 Qb2 46. Qd4 Qb3 47. Qc4 Qb2 48. Bc1 Qa1 49. Bd2 Qb2 50. Qd4 Qb3 1/2-1/2

[Event "Chicago op 25th"]
[Site "Chicago"]
[Date "2016.05.28"]
[Round "5"]
[White "Schmakel, Sam A"]
[Black "Bregadze, Levan"]
[Result "0-1"]
[WhiteElo "2349"]
[BlackElo "2467"]
[PlyCount "154"]
[EventDate "2016.05.26"]
[EventType "swiss"]
[EventRounds "9"]
[EventCountry "USA"]
[SourceTitle "CBM 172 Extra"]
[Source "ChessBase"]
[SourceDate "2016.06.21"]
[SourceVersion "1"]
[SourceVersionDate "2016.06.21"]
[SourceQuality "1"]

1. d4 g6 2. e4 Bg7 3. Nc3 c6 4. Nf3 d5 5. h3 dxe4 6. Nxe4 Nf6 7. Ng3 c5 8. dxc5 Qxd1+ 9. Kxd1 Nbd7 10. c3 0-0 11. Kc2 Nxc5 12. Be3 b6 13. Bxc5 bxc5 14. Re1 Be6 15. Rxe6 fxe6 16. Ng5 Ne8 17. f3 Nd6 18. N3e4 Rf5 19. Nxd6 exd6 20. Nxe6 Kh8 21. Bc4 d5 22. Bd3 Re5 23. Nxc5 Rc8 24. Nb3 d4 25. c4 a5 26. Nd2 a4 27. Ra1 Rg5 28. g4 Re5 29. Be4 a3 30. Rb1 axb2 31. Kd3 Ra5 32. Rxb2 Ra4 33. Rc2 Rc7 34. c5 Rca7 35. Bd5 Re7 36. Ne4 Ra3+ 37. Bb3 Rf7 38. Ng5 Re7 39. Ne4 Rf7 40. Ng5 Re7 41. c6 Bf6 42. f4 Re3+ 43. Kd2 Bxg5 44. fxg5 Ra8 45. Rc4 Re7 46. Rxd4 Kg7 47. Kd3 Rc7 48. Rd6 Kf8 49. Kd4 Ke7 50. Ke5 Rd8 51. Re6+ Kf8 52. Bd5 Re7 53. a4 Ra7 54. Rf6+ Ke8 55. Rd6 Rb8 56. Rf6 Rc8 57. Kd6 Rd8+ 58. Ke5 Rc8 59. Rf4 Rb8 60. Rc4 Ke7 61. Rf4 Ke8 62. Be6 Rd8 63. Bd7+ Ke7 64. Rc4 Ra5+ 65. Kf4 Rda8 66. Re4+ Kd6 67. Re6+ Kc7 68. Re7 Rf8+ 69. Ke3 Kd6 70. Re6+ Kc7 71. Re7 Rxa4 72. Rxh7 Kd6 73. Rg7 Ra3+ 74. Ke4 Ra4+ 75. Ke3 Ra3+ 76. Ke4 Rff3 77. Rxg6+ Kc5 0-1

[Event "Saint Louis GM 7th"]
[Site "Saint Louis"]
[Date "2015.07.21"]
[Round "9"]
[White "Bregadze, Levan"]
[Black "Georgiev, Vladimir"]
[Result "1/2-1/2"]
[WhiteElo "2483"]
[BlackElo "2554"]
[PlyCount "21"]
[EventDate "2015.07.16"]
[EventType "tourn"]
[EventRounds "9"]
[EventCountry "USA"]
[EventCategory "10"]
[SourceTitle "CBM 167 Extra"]
[Source "ChessBase"]
[SourceDate "2015.09.14"]
[SourceVersion "1"]
[SourceVersionDate "2015.09.14"]
[SourceQuality "1"]

1. Nf3 Nf6 2. c4 c5 3. g3 b6 4. Bg2 Bb7 5. 0-0 e6 6. Nc3 Be7 7. d4 cxd4 8. Qxd4 0-0 9. Rd1 d6 10. b3 a6 11. Bb2 1/2-1/2

[Event "Saint Louis GM 7th"]
[Site "Saint Louis"]
[Date "2015.07.17"]
[Round "2"]
[White "Xiong, Jeffery"]
[Black "Bregadze, Levan"]
[Result "1-0"]
[WhiteElo "2523"]
[BlackElo "2483"]
[PlyCount "93"]
[EventDate "2015.07.16"]
[EventType "tourn"]
[EventRounds "9"]
[EventCountry "USA"]
[EventCategory "10"]
[SourceTitle "CBM 167 Extra"]
[Source "ChessBase"]
[SourceDate "2015.09.14"]
[SourceVersion "1"]
[SourceVersionDate "2015.09.14"]
[SourceQuality "1"]

1. e4 g6 2. d4 Bg7 3. Nf3 d6 4. c3 Nf6 5. Bd3 0-0 6. 0-0 c5 7. h3 Qc7 8. Be3 Nbd7 9. Re1 b5 10. a4 c4 11. Bc2 Bb7 12. Nfd2 bxa4 13. Rxa4 Nb6 14. Ra2 a5 15. Na3 Nfd7 16. h4 e5 17. h5 Rfe8 18. d5 Ba6 19. Qf3 Nc5 20. Kh2 Nd3 21. Rh1 Nf4 22. h6 Bf8 23. g3 Nd3 24. Bxb6 Qxb6 25. Naxc4 Qxf2+ 26. Qxf2 Nxf2 27. Rha1 Rac8 28. Nb6 Ng4+ 29. Kg1 Rc7 30. Rxa5 Bxh6 31. Rxa6 Bxd2 32. Bd3 Be3+ 33. Kg2 Bc5 34. Nc4 Ne3+ 35. Nxe3 Bxe3 36. Rxd6 Rb8 37. Kf3 Bc5 38. Rc6 Rxc6 39. dxc6 Bb6 40. Bc4 Kf8 41. b4 Ke7 42. Bd5 f5 43. c4 Bd4 44. Ra4 Bc3 45. Ra7+ Kf6 46. Rf7+ Kg5 47. c7 1-0